[Event "43. Olimpiada Batumi 2018 Femenina"]
[Site "Batumi GEO"]
[Date "2018.10.05"]
[Round "11.3"]
[White "Morales Flores, Monserrat"]
[Black "Zairbek kyzy, Begimay"]
[Result "0-1"]
[WhiteElo "1935"]
[BlackElo "1770"]
[PlyCount "144"]
[EventDate "2018.09.24"]
[EventType "team-swiss"]
[EventRounds "11"]
[EventCountry "GEO"]
[SourceTitle "Ajedrez en Madrid"]
[Source "lmi"]
[SourceDate "2018.09.24"]
[WhiteTeam "Chile"]
[BlackTeam "Kyrgyzstan"]
[WhiteTeamCountry "CHI"]
[BlackTeamCountry "KGZ"]

1. e4 c6 2. d4 d5 3. Nc3 dxe4 4. Nxe4 Nf6 5. Nxf6+ gxf6 6. c3 Bf5 7. Nf3 e6 8.
Bd3 Bg6 9. Bf4 Nd7 10. Qe2 Nb6 11. Bg3 Na4 12. Bc2 Nb6 13. O-O Bd6 14. c4 Be7
15. Rad1 O-O 16. b3 Rc8 17. Nh4 Re8 18. Nxg6 hxg6 19. Rd3 Bf8 20. Rfd1 Bg7 21.
Qe1 Qe7 22. Qa5 Ra8 23. Qc5 Bf8 24. Qxe7 Rxe7 25. R3d2 Rd7 26. Bf4 f5 27. Be5
Be7 28. f3 Rad8 29. Bg3 Bf6 30. Bf2 c5 31. d5 Be7 32. a4 a5 33. Re2 exd5 34.
Rxe7 Rxe7 35. Bh4 Red7 36. Bxd8 Rxd8 37. cxd5 Rxd5 38. Rxd5 Nxd5 39. Kf2 Kg7
40. Bd3 Kf6 41. Bc4 Ke5 42. g3 f6 43. h4 f4 44. g4 Ne3 45. Bf7 g5 46. h5 f5 47.
gxf5 Nxf5 48. Bg6 Nd4 49. Bf7 Kf6 50. Bd5 Kg7 51. Kg2 Kh6 52. Bf7 Nc6 53. Be8
Ne7 54. Bf7 Nc6 55. Be8 Ne5 56. Kf2 Nd3+ 57. Kg2 Kg7 58. Bb5 Ne5 59. Kf2 Nc6
60. Bc4 Kh6 61. Bf7 Nd8 62. Bd5 Kxh5 63. Ke2 Nc6 64. Kf2 g4 65. fxg4+ Kxg4 66.
Be6+ Kg5 67. Bg8 Kf5 68. Kf3 Nd4+ 69. Kf2 Ke5 70. Bc4 Ke4 71. Ke1 Ke3 72. Bd5
b5 0-1

[Event "43. Olimpiada Batumi 2018 Femenina"]
[Site "Batumi GEO"]
[Date "2018.10.05"]
[Round "11.4"]
[White "Usupbekova, Zarina"]
[Black "Pinilla Delgado, Sofia Ignacia"]
[Result "1-0"]
[WhiteElo "1572"]
[BlackElo "1710"]
[PlyCount "77"]
[EventDate "2018.09.24"]
[EventType "team-swiss"]
[EventRounds "11"]
[EventCountry "GEO"]
[SourceTitle "Ajedrez en Madrid"]
[Source "lmi"]
[SourceDate "2018.09.24"]
[WhiteTeam "Kyrgyzstan"]
[BlackTeam "Chile"]
[WhiteTeamCountry "KGZ"]
[BlackTeamCountry "CHI"]

1. e4 d6 2. d4 Nf6 3. Nc3 Nbd7 4. f4 e5 5. fxe5 dxe5 6. dxe5 Nxe5 7. Qxd8+ Kxd8
8. Bf4 Bd6 9. O-O-O Bd7 10. Nf3 Nxf3 11. Bxd6 cxd6 12. gxf3 Ke7 13. Bc4 Rac8
14. Rd4 Bc6 15. Rhd1 Rhd8 16. Bf1 a6 17. a4 g5 18. Bh3 Bd7 19. Bxd7 Rxd7 20.
Ne2 Nh5 21. Ng3 Nxg3 22. hxg3 h5 23. Rd5 f6 24. Rh1 Rh8 25. f4 gxf4 26. gxf4 h4
27. Rd3 Ke6 28. Rdh3 Rdh7 29. Kd2 Rh5 30. Ke3 f5 31. exf5+ Kxf5 32. Kf3 R5h6
33. Rd1 Rc8 34. Rd2 Rc4 35. Rd5+ Ke6 36. Rd2 Rxa4 37. Rdh2 Ra2 38. b3 a5 39.
Kg4 1-0

[Event "43. Olimpiada Batumi 2018 Femenina"]
[Site "Batumi GEO"]
[Date "2018.10.05"]
[Round "11.1"]
[White "Nabaa, Sami Abbas Al-Attra"]
[Black "Gerasimova, Svetlana"]
[Result "1-0"]
[WhiteElo "1831"]
[BlackElo "1966"]
[PlyCount "71"]
[EventDate "2018.09.24"]
[EventType "team-swiss"]
[EventRounds "11"]
[EventCountry "GEO"]
[SourceTitle "Ajedrez en Madrid"]
[Source "lmi"]
[SourceDate "2018.09.24"]
[WhiteTeam "Iraq"]
[BlackTeam "IPCA"]
[WhiteTeamCountry "IRQ"]

1. d4 Nf6 2. Nf3 g6 3. c4 Bg7 4. Nc3 O-O 5. e4 c5 6. Be2 cxd4 7. Nxd4 d6 8. O-O
Nc6 9. Be3 Ng4 10. Bxg4 Bxg4 11. Nxc6 Qd7 12. Nxe7+ Kh8 13. f3 Be6 14. Ned5
Rac8 15. Qe2 Rfe8 16. Rfd1 f5 17. Qd3 fxe4 18. Nxe4 Bf5 19. Bd4 Bxe4 20. fxe4
Re5 21. Bxe5 Bxe5 22. Rab1 Qa4 23. Rdc1 Qa5 24. b4 Qd8 25. g3 Qg5 26. Kg2 h5
27. Qe3 Qg4 28. Qh6+ Kg8 29. Ne7+ Kf7 30. Qh7+ Bg7 31. Rf1+ Ke6 32. Qxg7 Qe2+
33. Kg1 Qe3+ 34. Rf2 Rc7 35. Qf7+ Ke5 36. Qd5# 1-0

[Event "43. Olimpiada Batumi 2018 Femenina"]
[Site "Batumi GEO"]
[Date "2018.10.05"]
[Round "11.3"]
[White "Al-Fayyadh, Yamama Asif Abdula"]
[Black "Kaydanovich, Marina"]
[Result "0-1"]
[WhiteElo "1604"]
[BlackElo "1725"]
[PlyCount "46"]
[EventDate "2018.09.24"]
[EventType "team-swiss"]
[EventRounds "11"]
[EventCountry "GEO"]
[SourceTitle "Ajedrez en Madrid"]
[Source "lmi"]
[SourceDate "2018.09.24"]
[WhiteTeam "Iraq"]
[BlackTeam "IPCA"]
[WhiteTeamCountry "IRQ"]

1. e4 e5 2. Nf3 Nc6 3. Bc4 Bc5 4. O-O Nf6 5. d4 Bxd4 6. Nxd4 Nxd4 7. f4 d6 8.
fxe5 dxe5 9. Bg5 Qe7 10. c3 Ne6 11. Bxf6 gxf6 12. Kh1 Bd7 13. Qf3 O-O-O 14.
Qxf6 Qxf6 15. Rxf6 Bc6 16. Na3 Nf4 17. Kg1 Rd2 18. Bxf7 Rxg2+ 19. Kf1 Rxh2 20.
Kg1 Rg2+ 21. Kf1 Bxe4 22. Bc4 Rh2 23. Kg1 Rh1+ 0-1

[Event "43. Olimpiada Batumi 2018 Femenina"]
[Site "Batumi GEO"]
[Date "2018.10.05"]
[Round "11.4"]
[White "Sovietova, Kateryna"]
[Black "Al-Fayyadh, Zainab Asif Abdulah"]
[Result "0-1"]
[WhiteElo "1353"]
[BlackElo "1705"]
[PlyCount "102"]
[EventDate "2018.09.24"]
[EventType "team-swiss"]
[EventRounds "11"]
[EventCountry "GEO"]
[SourceTitle "Ajedrez en Madrid"]
[Source "lmi"]
[SourceDate "2018.09.24"]
[WhiteTeam "IPCA"]
[BlackTeam "Iraq"]
[BlackTeamCountry "IRQ"]

1. d4 d5 2. Bf4 Nf6 3. e3 e6 4. Nf3 Bd6 5. Bxd6 Qxd6 6. c4 c5 7. Nc3 cxd4 8.
exd4 dxc4 9. Bxc4 a6 10. a4 O-O 11. O-O Nc6 12. Re1 Rd8 13. Ne2 b6 14. Bd3 Bb7
15. Qb3 Nb4 16. Ng3 Bxf3 17. gxf3 Nxd3 18. Qxd3 Qxd4 19. Qxd4 Rxd4 20. b3 Rd3
21. Re3 Rad8 22. Kg2 h6 23. a5 b5 24. b4 Rxe3 25. fxe3 Nd5 26. Kf2 Nxb4 27. Ke2
Rc8 28. Ne4 Rc2+ 29. Nd2 f5 30. f4 Nd5 31. Kd3 Rc3+ 32. Kd4 Rxe3 33. Kc5 Rc3+
34. Kd6 Nxf4 35. Nb1 Rc4 36. Na3 Ra4 37. Ke5 Kf7 38. Ra2 Nd3+ 39. Kd6 b4 40.
Rc2 Rxa3 41. Kc6 Rc3+ 42. Rxc3 bxc3 43. Kb6 Nb4 44. h3 c2 45. h4 c1=Q 46. h5
Nd5+ 47. Kb7 Ke7 48. Kxa6 Qc6+ 49. Ka7 Kd7 50. a6 Qc7+ 51. Ka8 Nb6# 0-1

[Event "43. Olimpiada Batumi 2018 Femenina"]
[Site "Batumi GEO"]
[Date "2018.10.05"]
[Round "11.1"]
[White "Charinda, Kudzanayi"]
[Black "Zsiltzova-Lisenko, Lubov"]
[Result "0-1"]
[WhiteElo "1718"]
[BlackElo "2214"]
[PlyCount "114"]
[EventDate "2018.09.24"]
[EventType "team-swiss"]
[EventRounds "11"]
[EventCountry "GEO"]
[SourceTitle "Ajedrez en Madrid"]
[Source "lmi"]
[SourceDate "2018.09.24"]
[WhiteTeam "Zimbabwe"]
[BlackTeam "IBCA"]
[WhiteTeamCountry "ZIM"]

1. d4 d5 2. Nf3 Nf6 3. c4 dxc4 4. Nc3 a6 5. e4 b5 6. Bg5 Bb7 7. Bxf6 exf6 8. a3
Be7 9. Be2 O-O 10. O-O Nc6 11. d5 Ne5 12. Qc2 Bd6 13. Rfd1 Qe7 14. Nd4 Bc5 15.
Nf5 Qd8 16. Rd2 Bd6 17. Nd1 g6 18. Nxd6 cxd6 19. Ne3 Qe7 20. Re1 Rac8 21. Qc3
Rc7 22. Rdd1 Re8 23. f4 Nd7 24. Bf3 Bc8 25. Ng4 h5 26. Nf2 Qf8 27. g4 h4 28.
Kh1 Qg7 29. Nh3 Nc5 30. Nf2 Rce7 31. Rg1 g5 32. f5 Re5 33. Rd2 Qf8 34. Re2 Qe7
35. Rge1 Bb7 36. Bg2 Bxd5 37. Qd4 Bb7 38. Bf3 a5 39. Kg1 Qc7 40. Rd1 Rd8 41.
Qc3 Qb6 42. Kg2 Nb3 43. Kf1 Qc5 44. Rc2 b4 45. axb4 axb4 46. Qe1 Qb6 47. Be2
Na5 48. Bf3 d5 49. Rcd2 d4 50. Kg2 Ba6 51. Be2 d3 52. Bxd3 cxd3 53. Nxd3 Bxd3
54. Rxd3 Rxd3 55. Rxd3 Kg7 56. Qe2 Qc5 57. Rd7 Qc4 0-1

[Event "43. Olimpiada Batumi 2018 Femenina"]
[Site "Batumi GEO"]
[Date "2018.10.05"]
[Round "11.2"]
[White "Stolarczyk, Anna"]
[Black "Wakuruwarewa, Colletta"]
[Result "0-1"]
[WhiteElo "1984"]
[BlackElo "1577"]
[PlyCount "126"]
[EventDate "2018.09.24"]
[EventType "team-swiss"]
[EventRounds "11"]
[EventCountry "GEO"]
[SourceTitle "Ajedrez en Madrid"]
[Source "lmi"]
[SourceDate "2018.09.24"]
[WhiteTeam "IBCA"]
[BlackTeam "Zimbabwe"]
[BlackTeamCountry "ZIM"]

1. d4 Nf6 2. Nf3 g6 3. g3 Bg7 4. Bg2 O-O 5. O-O d6 6. c4 c6 7. Nc3 Bg4 8. h3
Bd7 9. e4 Qc7 10. Re1 e5 11. Be3 Re8 12. Kh2 Na6 13. Qd2 b6 14. a3 Rad8 15. b4
Nb8 16. Rad1 Bc8 17. Bg5 Bb7 18. dxe5 dxe5 19. Qc2 Nbd7 20. Rd2 Nf8 21. Red1
Ne6 22. Be3 Rxd2 23. Rxd2 Rd8 24. Rxd8+ Nxd8 25. c5 b5 26. Bc1 Bc8 27. Bb2 Be6
28. Bf1 Ne8 29. Bd3 f6 30. Ne2 g5 31. Nfg1 a5 32. Qc1 g4 33. hxg4 Bxg4 34. f3
Be6 35. Bc3 a4 36. Qf1 Qf7 37. Kg2 Qd7 38. Bc2 Nf7 39. g4 Bh6 40. Qd1 Ng7 41.
Qxd7 Bxd7 42. Bb2 Ne6 43. Nh3 Be3 44. Bd1 Nd4 45. Nf2 Be6 46. f4 Nxe2 47. Bxe2
Bxf4 48. Nd3 Bd2 49. Nf2 Kg7 50. Bd1 Bc4 51. Kg3 Ng5 52. Kg2 Kg6 53. Bc2 Ne6
54. Bd1 Nf4+ 55. Kf3 Nd3 56. Ba1 Nxf2 57. Kxf2 Bc1 58. Bc3 Bxa3 59. Kf3 Bc1 60.
Bc2 a3 61. Bb1 Bb2 62. Bxb2 axb2 63. Kg3 Kg5 0-1

[Event "43. Olimpiada Batumi 2018 Femenina"]
[Site "Batumi GEO"]
[Date "2018.10.05"]
[Round "11.3"]
[White "Makwena, Christine"]
[Black "Debowska, Teresa"]
[Result "1-0"]
[WhiteElo "1626"]
[BlackElo "1799"]
[PlyCount "64"]
[EventDate "2018.09.24"]
[EventType "team-swiss"]
[EventRounds "11"]
[EventCountry "GEO"]
[SourceTitle "Ajedrez en Madrid"]
[Source "lmi"]
[SourceDate "2018.09.24"]
[WhiteTeam "Zimbabwe"]
[BlackTeam "IBCA"]
[WhiteTeamCountry "ZIM"]

1. d4 Nf6 2. c4 c5 3. d5 e5 4. Nc3 d6 5. e4 g6 6. Bd3 Bg7 7. Nge2 O-O 8. O-O
Na6 9. a3 Nc7 10. Ng3 h5 11. Bg5 Qe8 12. Qd2 Kh7 13. f4 Ng8 14. f5 f6 15. fxg6+
Qxg6 16. Be3 Nh6 17. Nf5 Bxf5 18. exf5 Qf7 19. Ne4 Ne8 20. Ng5+ fxg5 21. f6+
Kg8 22. fxg7 Qxg7 23. Bxg5 Nf7 24. Rf5 Kh8 25. Raf1 Rc8 26. Be7 Rc7 27. Bxf8
Qxf8 28. Rxh5+ Kg8 29. Qe3 Qg7 30. Rh7 Qf8 31. Qh3 Ng7 32. Rh8+ Nxh8 1-0

[Event "43. Olimpiada Batumi 2018 Femenina"]
[Site "Batumi GEO"]
[Date "2018.10.05"]
[Round "11.4"]
[White "Zarubinskaya, Irina"]
[Black "Zengeni, Paidaishe"]
[Result "1-0"]
[WhiteElo "1772"]
[BlackElo "1528"]
[PlyCount "63"]
[EventDate "2018.09.24"]
[EventType "team-swiss"]
[EventRounds "11"]
[EventCountry "GEO"]
[SourceTitle "Ajedrez en Madrid"]
[Source "lmi"]
[SourceDate "2018.09.24"]
[WhiteTeam "IBCA"]
[BlackTeam "Zimbabwe"]
[BlackTeamCountry "ZIM"]

1. e4 c5 2. Nf3 e6 3. d4 cxd4 4. Nxd4 a6 5. c4 Nc6 6. Nxc6 bxc6 7. Nc3 Qc7 8.
Be2 Bc5 9. O-O Nf6 10. Kh1 Bb7 11. f4 d5 12. e5 Nd7 13. Na4 Ba7 14. b4 O-O 15.
c5 f6 16. Bg4 Rae8 17. exf6 Rxf6 18. Qe2 Kh8 19. g3 Bb8 20. Bb2 e5 21. Bxd7
Qxd7 22. fxe5 Rfe6 23. Nb6 Qe7 24. Rae1 Bc7 25. Qh5 h6 26. Rf7 Qd8 27. Rd7 Qb8
28. Qf7 R6e7 29. Rxe7 Rxe7 30. Qxe7 Bd8 31. Qf8+ Kh7 32. e6 1-0

[Event "43. Olimpiada Batumi 2018 Femenina"]
[Site "Batumi GEO"]
[Date "2018.10.05"]
[Round "11.1"]
[White "Fierro Baquero, Martha L"]
[Black "Milovic, Aleksandra"]
[Result "1/2-1/2"]
[WhiteElo "2369"]
[BlackElo "2176"]
[PlyCount "76"]
[EventDate "2018.09.24"]
[EventType "team-swiss"]
[EventRounds "11"]
[EventCountry "GEO"]
[SourceTitle "Ajedrez en Madrid"]
[Source "lmi"]
[SourceDate "2018.09.24"]
[WhiteTeam "Ecuador"]
[BlackTeam "Montenegro"]
[WhiteTeamCountry "ECU"]
[BlackTeamCountry "MNE"]

1. Nf3 Nf6 2. g3 b6 3. Bg2 Bb7 4. O-O e6 5. d3 Be7 6. e4 O-O 7. Re1 d6 8. Nbd2
Nbd7 9. d4 c5 10. e5 Ne8 11. Ne4 cxd4 12. exd6 Nxd6 13. Nxd6 Bxd6 14. Nxd4 Bxg2
15. Kxg2 Nf6 16. Qf3 e5 17. Nf5 e4 18. Qb3 Qd7 19. Nxd6 Qxd6 20. Bg5 Rfe8 21.
Rad1 Qc6 22. Bxf6 Qxf6 23. Re3 Qf5 24. Qd5 Qxd5 25. Rxd5 Re7 26. g4 h6 27. h4
g6 28. Kg3 Rae8 29. Kf4 f6 30. Rd6 Kf7 31. Rc3 g5+ 32. Ke3 gxh4 33. Kf4 Kg6 34.
Rcc6 Rf8 35. Rd5 Rfe8 36. Rdd6 Rf8 37. Rd5 Rfe8 38. Rdd6 Rf8 1/2-1/2

[Event "43. Olimpiada Batumi 2018 Femenina"]
[Site "Batumi GEO"]
[Date "2018.10.05"]
[Round "11.2"]
[White "Stojanovic, Marija R"]
[Black "Heredia Serrano, Carla"]
[Result "1/2-1/2"]
[WhiteElo "2113"]
[BlackElo "2159"]
[PlyCount "91"]
[EventDate "2018.09.24"]
[EventType "team-swiss"]
[EventRounds "11"]
[EventCountry "GEO"]
[SourceTitle "Ajedrez en Madrid"]
[Source "lmi"]
[SourceDate "2018.09.24"]
[WhiteTeam "Montenegro"]
[BlackTeam "Ecuador"]
[WhiteTeamCountry "MNE"]
[BlackTeamCountry "ECU"]

1. e4 c6 2. Nc3 d5 3. Nf3 Bg4 4. h3 Bxf3 5. Qxf3 e6 6. d4 dxe4 7. Qxe4 Nf6 8.
Qd3 Nbd7 9. Be2 Be7 10. O-O O-O 11. Bf3 e5 12. d5 e4 13. Bxe4 Nc5 14. Qe2 Nfxe4
15. Nxe4 Qxd5 16. Nc3 Qe6 17. Be3 Ne4 18. Qd3 Nxc3 19. Qxc3 Bf6 20. Bd4 Bxd4
21. Qxd4 Qf5 22. Qc3 Rfe8 23. Rfe1 h6 24. Qb3 b6 25. Qc4 Qf6 26. c3 Rad8 27.
Rxe8+ Rxe8 28. Qd3 Qe6 29. b3 Qe2 30. Qd7 Re6 31. Qxa7 c5 32. Qa8+ Kh7 33. c4
Rf6 34. Rf1 Qc2 35. Qa4 Rg6 36. Qa8 Rf6 37. Qa4 Qe4 38. Qd7 Rg6 39. g3 Qf3 40.
Rd1 Qe2 41. Qd2 Qe6 42. Kg2 Qe4+ 43. Kg1 Qe6 44. Kh2 Qf5 45. Re1 Rd6 46. Qe2
1/2-1/2

[Event "43. Olimpiada Batumi 2018 Femenina"]
[Site "Batumi GEO"]
[Date "2018.10.05"]
[Round "11.3"]
[White "Ortiz Verdesoto, Anahi"]
[Black "Koljevic, Nikolina"]
[Result "1/2-1/2"]
[WhiteElo "1954"]
[BlackElo "1898"]
[PlyCount "100"]
[EventDate "2018.09.24"]
[EventType "team-swiss"]
[EventRounds "11"]
[EventCountry "GEO"]
[SourceTitle "Ajedrez en Madrid"]
[Source "lmi"]
[SourceDate "2018.09.24"]
[WhiteTeam "Ecuador"]
[BlackTeam "Montenegro"]
[WhiteTeamCountry "ECU"]
[BlackTeamCountry "MNE"]

1. d4 d5 2. c4 e6 3. Nc3 c5 4. cxd5 exd5 5. Nf3 Nc6 6. g3 Nf6 7. Bg2 Be7 8. O-O
O-O 9. Bg5 cxd4 10. Nxd4 h6 11. Be3 Bg4 12. h3 Be6 13. Nxc6 bxc6 14. Na4 Qd7
15. Kh2 Rfe8 16. Rc1 Bf5 17. Qd4 Ne4 18. Bxe4 Bxe4 19. Nc5 Bxc5 20. Qxc5 Bf5
21. Qxc6 Bxh3 22. Qxd7 Bxd7 23. Rc7 Bg4 24. Rd1 Bxe2 25. Rxd5 a6 26. Rdd7 Bh5
27. Kg2 Rad8 28. b3 Rxd7 29. Rxd7 Be2 30. Rd2 Bb5 31. Rd6 Re6 32. Rxe6 fxe6 33.
Kf3 Bd3 34. Kf4 Kf7 35. Ke5 h5 36. Kd6 g6 37. Bg5 Bb1 38. a3 Ba2 39. b4 Bb3 40.
Kc6 Ke8 41. Kb6 Bc4 42. a4 Kd7 43. Kb7 e5 44. Kb6 Kc8 45. Bf6 Be2 46. Bxe5 Bd3
47. b5 axb5 48. axb5 Be4 49. Bf4 Bf3 50. Be5 Be4 1/2-1/2

[Event "43. Olimpiada Batumi 2018 Femenina"]
[Site "Batumi GEO"]
[Date "2018.10.05"]
[Round "11.4"]
[White "Radosevic, Nevena"]
[Black "Sarmiento Robles, Paula"]
[Result "1/2-1/2"]
[WhiteElo "1600"]
[BlackElo "1750"]
[PlyCount "85"]
[EventDate "2018.09.24"]
[EventType "team-swiss"]
[EventRounds "11"]
[EventCountry "GEO"]
[SourceTitle "Ajedrez en Madrid"]
[Source "lmi"]
[SourceDate "2018.09.24"]
[WhiteTeam "Montenegro"]
[BlackTeam "Ecuador"]
[WhiteTeamCountry "MNE"]
[BlackTeamCountry "ECU"]

1. d4 d5 2. c4 e6 3. Nc3 Nf6 4. Bg5 Be7 5. e3 Nbd7 6. Nf3 h6 7. Bh4 O-O 8. Qc2
a6 9. cxd5 exd5 10. Rc1 c6 11. Bd3 Re8 12. O-O Ne4 13. Bxe7 Qxe7 14. Rfe1 Ndf6
15. Nd2 Bf5 16. f3 Nxc3 17. bxc3 Bxd3 18. Qxd3 Qa3 19. Qc2 Re6 20. Qb3 Qe7 21.
c4 Re8 22. Kf2 dxc4 23. Nxc4 Nd5 24. e4 f5 25. Ne5 fxe4 26. Rxe4 Qb4 27. Qxb4
Nxb4 28. Rb1 Nxa2 29. Rxb7 c5 30. Rg4 g5 31. h4 cxd4 32. Rxd4 R8e7 33. Rxe7
Rxe7 34. Ng6 Re6 35. h5 Nc3 36. Rd8+ Kg7 37. Rd7+ Kg8 38. Rd8+ Kg7 39. Rd7+ Kg8
40. Ne7+ Kf7 41. Nf5+ Kg8 42. Ne7+ Kf7 43. Ng6+ 1/2-1/2

[Event "43. Olimpiada Batumi 2018 Femenina"]
[Site "Batumi GEO"]
[Date "2018.10.05"]
[Round "11.1"]
[White "Mendez Tovar, Yessica Yissel"]
[Black "Dornbusch, Tatiana"]
[Result "0-1"]
[WhiteElo "2126"]
[BlackElo "2271"]
[PlyCount "114"]
[EventDate "2018.09.24"]
[EventType "team-swiss"]
[EventRounds "11"]
[EventCountry "GEO"]
[SourceTitle "Ajedrez en Madrid"]
[Source "lmi"]
[SourceDate "2018.09.24"]
[WhiteTeam "Mexico"]
[BlackTeam "Monaco"]
[WhiteTeamCountry "MEX"]
[BlackTeamCountry "MNC"]

1. d4 Nf6 2. c4 c5 3. d5 b5 4. cxb5 a6 5. b6 g6 6. Nc3 d6 7. a4 a5 8. e4 Nbd7
9. Be2 Bg7 10. Nf3 O-O 11. O-O Qxb6 12. Nd2 Ba6 13. Nb5 Rfb8 14. Kh1 Qd8 15. f4
Ne8 16. Ra3 Nc7 17. Nc3 Qc8 18. Nc4 Rb4 19. Nb5 Nxb5 20. axb5 Bxb5 21. Nxa5
Bxb2 22. Bxb2 Rxb2 23. Bxb5 Rxb5 24. Nc6 Qe8 25. Nxe7+ Kf8 26. Rxa8 Qxa8 27.
Nc6 Qa2 28. f5 gxf5 29. Qc1 Qe2 30. Re1 Qh5 31. Qa1 f6 32. exf5 Ne5 33. Qa6 Qe2
34. Qc8+ Kg7 35. Rg1 Ng4 36. h3 Nf2+ 37. Kh2 Ne4 38. Qd7+ Kh6 39. Nd8 Rb3 40.
Nf7+ Kh5 41. Ne5 dxe5 42. Qxh7+ Kg5 43. Qg6+ Kh4 44. Qh6+ Qh5 45. g3+ Nxg3 46.
Qxh5+ Kxh5 47. Rxg3 Rb6 48. Rc3 Rd6 49. Rxc5 Kg5 50. Kg3 Kxf5 51. h4 Ke4 52. h5
f5 53. Ra5 Rh6 54. Kh4 Kf4 55. Rc5 e4 56. Rc6 Rxc6 57. dxc6 e3 0-1

[Event "43. Olimpiada Batumi 2018 Femenina"]
[Site "Batumi GEO"]
[Date "2018.10.05"]
[Round "11.2"]
[White "Jose Polanco, Kenia"]
[Black "Fuentes Godoy, Lilia Ivonne"]
[Result "0-1"]
[WhiteElo "1872"]
[BlackElo "2079"]
[PlyCount "100"]
[EventDate "2018.09.24"]
[EventType "team-swiss"]
[EventRounds "11"]
[EventCountry "GEO"]
[SourceTitle "Ajedrez en Madrid"]
[Source "lmi"]
[SourceDate "2018.09.24"]
[WhiteTeam "Monaco"]
[BlackTeam "Mexico"]
[WhiteTeamCountry "MNC"]
[BlackTeamCountry "MEX"]

1. d4 d5 2. Bf4 Nf6 3. e3 c5 4. c3 Nc6 5. Bd3 Qb6 6. Qc1 Bg4 7. Nd2 Rc8 8. Qb1
e6 9. h3 Bh5 10. Ngf3 Bg6 11. O-O Ne7 12. Ne5 c4 13. Bxg6 Nxg6 14. Re1 Bd6 15.
Qc2 Bxe5 16. Bxe5 Nxe5 17. dxe5 Nd7 18. e4 d4 19. cxd4 Qxd4 20. Nf3 Qc5 21.
Rad1 Nxe5 22. Nxe5 Qxe5 23. Qa4+ b5 24. Qxa7 O-O 25. Qd4 Qc7 26. Qc3 Ra8 27. a3
Rfd8 28. Qc2 e5 29. Rxd8+ Rxd8 30. Rd1 Rd4 31. Re1 f6 32. Re3 Qd6 33. Re2 Kf7
34. Qc3 Rd1+ 35. Re1 Rd2 36. a4 Qd4 37. Re3 Rxb2 38. Qa5 Qd7 39. axb5 Rxb5 40.
Qa2 Qd4 41. Qa6 Rb3 42. Re1 Rd3 43. Kh2 Kg6 44. f3 Rd2 45. Rg1 c3 46. Qe6 c2
47. Qg4+ Kf7 48. Qh5+ Kf8 49. Rc1 Qe3 50. Ra1 Qf4+ 0-1

[Event "43. Olimpiada Batumi 2018 Femenina"]
[Site "Batumi GEO"]
[Date "2018.10.05"]
[Round "11.3"]
[White "Garcia Morales, Ivette Ale"]
[Black "Berezovska, Svetlana"]
[Result "1/2-1/2"]
[WhiteElo "2013"]
[BlackElo "1812"]
[PlyCount "105"]
[EventDate "2018.09.24"]
[EventType "team-swiss"]
[EventRounds "11"]
[EventCountry "GEO"]
[SourceTitle "Ajedrez en Madrid"]
[Source "lmi"]
[SourceDate "2018.09.24"]
[WhiteTeam "Mexico"]
[BlackTeam "Monaco"]
[WhiteTeamCountry "MEX"]
[BlackTeamCountry "MNC"]

1. d4 Nf6 2. Nf3 e6 3. c4 c5 4. g3 cxd4 5. Bg2 Bb4+ 6. Bd2 Qb6 7. O-O Bc5 8.
Qb3 Qxb3 9. axb3 Nc6 10. Na3 e5 11. Nb5 Kd8 12. b4 Be7 13. Ng5 Rf8 14. c5 h6
15. Ne4 Nxe4 16. Bxe4 f5 17. Bd5 a6 18. f4 Rb8 19. Nd6 Bxd6 20. cxd6 e4 21. b5
axb5 22. Rfc1 Rf6 23. Rc5 Rxd6 24. Rxb5 b6 25. e3 dxe3 26. Bc3 Bb7 27. Bxc6
Rxc6 28. Rxf5 Ke7 29. Re1 g6 30. Re5+ Re6 31. Rxe3 Rxe5 32. fxe5 Ke6 33. Re1
Rf8 34. Rd1 Bd5 35. Rf1 Rxf1+ 36. Kxf1 Kf5 37. Bd4 b5 38. h4 Kg4 39. Kf2 Bc4
40. Be3 h5 41. Bc5 Bb3 42. Be3 Kf5 43. Bf4 Ke6 44. Ke3 Kd5 45. e6 dxe6 46. Bc7
Bc2 47. Bb8 Bd3 48. Ba7 Kc4 49. Bb8 Kb3 50. Be5 Kc2 51. Bd4 b4 52. Bc5 Kb3 53.
Bd4 1/2-1/2

[Event "43. Olimpiada Batumi 2018 Femenina"]
[Site "Batumi GEO"]
[Date "2018.10.05"]
[Round "11.4"]
[White "Lebel-Arias, Julia"]
[Black "Guerrero Rodriguez, Alejandra"]
[Result "0-1"]
[WhiteElo "1724"]
[BlackElo "2009"]
[PlyCount "139"]
[EventDate "2018.09.24"]
[EventType "team-swiss"]
[EventRounds "11"]
[EventCountry "GEO"]
[SourceTitle "Ajedrez en Madrid"]
[Source "lmi"]
[SourceDate "2018.09.24"]
[WhiteTeam "Monaco"]
[BlackTeam "Mexico"]
[WhiteTeamCountry "MNC"]
[BlackTeamCountry "MEX"]

1. d4 Nf6 2. Nf3 e6 3. Bg5 c5 4. e3 Be7 5. Nbd2 O-O 6. Bd3 d6 7. c3 h6 8. Bxf6
Bxf6 9. Ne4 Be7 10. dxc5 dxc5 11. Qe2 Qc7 12. Rd1 b6 13. O-O Bb7 14. c4 Nd7 15.
Bb1 Rfd8 16. Rd2 Nf6 17. Nxf6+ Bxf6 18. Rfd1 Rxd2 19. Rxd2 Rd8 20. Rxd8+ Qxd8
21. Qc2 Be4 22. Qc1 Bxb2 23. Qd2 Qxd2 24. Nxd2 Bxb1 25. Nxb1 a6 26. Kf1 Kf8 27.
Ke2 Ke7 28. Kd3 Kd6 29. a4 Kc6 30. Kc2 Be5 31. f4 Bf6 32. Na3 e5 33. g3 e4 34.
h3 g5 35. Kb3 h5 36. Nb1 gxf4 37. gxf4 Bh4 38. Nc3 f5 39. Nd5 b5 40. axb5+ axb5
41. Nc3 b4 42. Nd5 Bd8 43. Ka4 Kb7 44. Kb3 Ka7 45. Ka2 Ka6 46. Kb2 Ka5 47. Kb3
Bh4 48. Kb2 Bf2 49. Kb3 Bh4 50. Ka2 Bd8 51. Kb3 h4 52. Kb2 Ka4 53. Ka2 b3+ 54.
Kb2 Ba5 55. Ne7 Kb4 56. Nc6+ Kxc4 57. Nxa5+ Kd3 58. Nxb3 Kxe3 59. Nxc5 Kxf4 60.
Kc2 Kg3 61. Kd2 Kxh3 62. Ne6 Kg3 63. Nd4 f4 64. Ne2+ Kg4 65. Ke1 h3 66. Kf2 h2
67. Ng3 fxg3+ 68. Kg2 e3 69. Kh1 e2 70. Kg2 0-1

[Event "43. Olimpiada Batumi 2018 Femenina"]
[Site "Batumi GEO"]
[Date "2018.10.05"]
[Round "11.1"]
[White "Baptista, Ana Filipa"]
[Black "Mezioud, Amina"]
[Result "1/2-1/2"]
[WhiteElo "2008"]
[BlackElo "2056"]
[PlyCount "136"]
[EventDate "2018.09.24"]
[EventType "team-swiss"]
[EventRounds "11"]
[EventCountry "GEO"]
[SourceTitle "Ajedrez en Madrid"]
[Source "lmi"]
[SourceDate "2018.09.24"]
[WhiteTeam "Portugal"]
[BlackTeam "Algeria"]
[WhiteTeamCountry "POR"]
[BlackTeamCountry "ALG"]

1. e4 c5 2. Nf3 e6 3. d4 cxd4 4. Nxd4 a6 5. Nc3 Qc7 6. Bd3 Nf6 7. O-O Be7 8.
Kh1 b5 9. f4 d6 10. e5 Nfd7 11. exd6 Qxd6 12. Qf3 Qb6 13. Be4 Ra7 14. Be3 Bc5
15. Rad1 f5 16. b4 fxe4 17. bxc5 exf3 18. cxb6 fxg2+ 19. Kxg2 Nxb6 20. Ndxb5
axb5 21. Bxb6 Rd7 22. Nxb5 O-O 23. a4 Bb7+ 24. Kg3 Rc8 25. Nc7 Re7 26. Rfe1 Kf7
27. Nb5 Kg6 28. f5+ Kh5 29. c3 Nd7 30. Ba5 Rc4 31. Rd4 Rxd4 32. cxd4 Nf6 33.
Rxe6 Rd7 34. Kf4 Bd5 35. Re3 g5+ 36. fxg6 Kxg6 37. Re5 Bb3 38. Rg5+ Kf7 39. Rc5
Bxa4 40. Ke5 Ng4+ 41. Ke4 Bxb5 42. Rxb5 Nxh2 43. Rh5 Ng4 44. Rxh7+ Ke6 45. Rh8
Nf6+ 46. Kd3 Nd5 47. Rh6+ Kf5 48. Rh5+ Ke6 49. Re5+ Kd6 50. Kc4 Kc6 51. Re6+
Rd6 52. Re8 Rd7 53. Rc8+ Kb7 54. Rc5 Nf4 55. Rb5+ Ka6 56. Bb6 Kb7 57. Bd8+ Kc8
58. Bf6 Rc7+ 59. Kb4 Rb7 60. Rxb7 Kxb7 61. Kb5 Ne2 62. d5 Kc7 63. Kc5 Kd7 64.
Be5 Ng1 65. Kc4 Nf3 66. Bf4 Nh4 67. Kd4 Nf5+ 68. Ke5 Ne7 1/2-1/2